00648 2200205 4500001002100000005001500021035002000036245012800056100001600184250001400200300003400214260003300248082001000281084001600291020001900307650002900326650003000355650003800385990001900423INLIS00000000000379420230119012558 a0010-01230003211 aBicara Itu Ada Seninya. Rahasia Komunikasi yang Efektif :bThe Secret Habit's to Mastwe your Art of Speaking /cOh Su Hyang0 aOh Su Hyang aCet. 7,-- axic + 238 hlm. ;c14 x 21 cm. aJakarta. :bGramedia,c2019. a003.5 a003.5 OH b a978602455392-0 aPenerjemah, Asti Ningsih aPenyunting, Yosepha Ari H aPenyelaras akhir, Aprilia Wirahma a15537/P/S/2020